1147 1030 1113 1401 1453 1089 1936 1046 1790 1635 1322 1081 1678 1002 1378 1162 1938 1908 1736 1437 1557 1398 1661 1124 1536 1291 1946 1767 1068 1454 1548 1973 1809 1537 1188 1734 1502 1237 1576 1613 1121 1970 1277 1690 1506 1792 1760 1540 1645 1111 1052 1579 1977 1717 1178 1663 1234 1366 1369 1857 1200 1930 1413 1527 1547 1892 1484 1152 1287 1011 1199 1765 1308 1945 1187 1553 1449 1346 1952 1920 1512 1098 1281 1455 1120 1033 1142 1753 1929 1127 1497 1503 1162 1809 1722 1614 1539 1228 1963 BCNSPRNW ULIB Ver.6.0+V

เปลี่ยนเป็นภาษาไทย

Change to English
 แสดงรายละเอียดบรรณานุกรม
  กลับหน้าหลัก

Brief Record : Get Marc (ISO 2709) : E-mail record : QR code < ปิดหน้าต่าง
LEADER : 00000nam 2200000uu 4500
001    13399122346
003     ULIB
008    130220s2550||||th 000 0 tha d
020    ^a9789742556723
090    ^aนว.^bพ541พ ล.1
100 0  ^aพัดชา,นามแฝง
245 00 ^aพรหมรัถยา เล่ม 1/^cพัดชา,นามแฝง
250    ^aพิมพ์ครั้งที่ 1
260    ^aกรุงเทพฯ :^bบูรพาสาส์น,^c2550
300    ^a430 หน้า
710 1  ^aบูรพาสาส์น
945    ^p0^l0^i022010
999    ^aเกษร โพธิ์สุวรรณ
รายการนี้ยังไม่มีแท็ก
คุณยังไม่ได้ล็อกอิน คุณสามารถมีกิจกรรมร่วมกับเว็บไซต์ได้ แต่ต้องล็อกอินก่อน ::
  ล็อกอิน

รายการสื่อสารสนเทศ

ลำดับที่ ประเภท เลขเรียก/บาร์โค้ด สถานที่ สถานะ
1. นวนิยาย
นวนิยาย
นว. พ541พ ล.1  
  Barcode: 022010
ห้องสมุดวิทยาเขตสวรรค์ประชารักษ์
►นวนิยาย
บนชั้น
  ขอยืม

รายการใกล้เคียง
    ผู้แต่ง [พัดชา,นามแฝง]

BibComment


ยังไม่เคยถูกคอมเมนท์

คอมเมนท์ทรัพยากรรายการนี้
  คอมเมนท์: พรหมรัถยา เล่ม 1..


 Copyright 2026. Bcnsprnw @Library